Statistics for Miami Dolphins Quarterbacks

Click here to take the quiz!

General Stats

  • This quiz has been taken 1,284 times
    (296 since last reset)
  • The average score is 11 of 40

Answer Stats

Games StartedAnswer% Correct
240Dan Marino
97%
34Tua Tagovailoa
97%
88Ryan Tannehill
77%
20Ryan Fitzpatrick
73%
151Bob Griese
62%
5Brian Griese
59%
2Skylar Thompson
47%
2Teddy Bridgewater
45%
20Chad Pennington
40%
14Jay Cutler
39%
31Chad Henne
35%
17Matt Moore
35%
3Josh Rosen
27%
4Daunte Culpepper
26%
59Jay Fiedler
24%
12Earl Morrall
23%
5Jacoby Brissett
23%
4Dick Wood
21%
5Brock Osweiler
19%
40David Woodley
18%
8Cleo Lemon
17%
20Don Strock
16%
11Joey Harrington
16%
2Bernie Kosar
15%
7Scott Mitchell
14%
5Trent Green
14%
8AJ Feeley
13%
6Ray Lucas
13%
1Tyler Thigpen
13%
4John Beck
12%
6Damon Huard
11%
7George Wilson
10%
15Gus Frerotte
10%
2Sage Rosenfels
10%
4Steve DeBerg
8%
3Craig Erickson
7%
11Rick Norton
7%
2John Stofa
5%
1George Mira
4%
3Kyle Mackey
4%

Score Distribution

Percentile by Number Answered

Percent of People with Each Score

Your Score History

You have not taken this quiz since the last reset